Desinfección: desinfectantes, desinfestantes, limpieza

Spremljeno u:
Bibliografski detalji
Glavni autori: D'Aquino, Miguel (Autor), Rezk, Roberto (Autor)
Format: Knjiga
Jezik:španjolski
Izdano: Buenos Aires EUDEBA 1995
Serija:Colección Manuales
Teme:
Oznake: Dodaj oznaku
Bez oznaka, Budi prvi tko označuje ovaj zapis!

MARC

LEADER 00000nam a2200000 a 4500
001 UCP5695
003 CL-VaPUC
008 990927e19950000AG |||||||||||||||||spa|d
082 0 4 |a 614.48  |b DAQ  |2 21 
100 0 |a D'Aquino, Miguel  |e author  |9 434197 
700 0 |a Rezk, Roberto  |e author  |9 434198 
245 1 0 |a Desinfección: desinfectantes, desinfestantes, limpieza 
300 |a 241 p 
942 |c BK 
945 |d 19990927 00:00:00  |a rbrito 
260 |a Buenos Aires  |b EUDEBA  |c 1995 
650 7 |a ESTERILIZACION  |2 CL-VaPUC  |9 324904 
650 7 |a DESINFECCION  |2 CL-VaPUC  |9 365779 
650 0 |a Agentes químicos   |9 434199 
650 7 |a TOXICIDAD  |2 CL-VaPUC  |9 405772 
650 0 |a Agentes activos   |9 434200 
650 7 |a OXIDANTES  |2 CL-VaPUC  |9 434201 
650 0 |a Alcoholes   |9 257199 
650 0 |a Control de plagas  |9 327373 
583 |a last modification  |c 19990927 00:00:00  |k Rodrigo Vera 
490 0 |a Colección Manuales 
999 |c 283369  |d 283367 
952 |0 0  |1 0  |4 0  |6 614_480000000000000_DAQ_1995  |7 0  |8 A  |9 326451  |a BIBING  |b BIBING  |d 2019-11-20  |i 3562670  |o 614.48 DAQ 1995  |p 3562670  |r 2025-01-20  |w 2019-11-20  |y BK  |k TRA